Normal view
MARC view
Entry Personal Name
001 - CONTROL NUMBER
- control field: 65573
003 - CONTROL NUMBER IDENTIFIER
- control field: dpl
005 - DATE AND TIME OF LATEST TRANSACTION
- control field: 20240503120345.0
008 - FIXED-LENGTH DATA ELEMENTS
- fixed length control field: 240503|| aca||aabn | a|a d
040 ## - CATALOGING SOURCE
- Original cataloging agency: dpl
- Transcribing agency: dpl
100 ## - HEADING--PERSONAL NAME
- Personal name: Roy, Sawmitra
670 ## - SOURCE DATA FOUND
- Source citation: Work cat.: (dpl)202612: Roy, Sawmitra, In the Streets of the City/, 2022
